<?xml version="1.0" encoding="UTF-8"?>
<record
    xmlns:xsi="http://www.w3.org/2001/XMLSchema-instance"
    xsi:schemaLocation="http://www.loc.gov/MARC21/slim http://www.loc.gov/standards/marcxml/schema/MARC21slim.xsd"
    xmlns="http://www.loc.gov/MARC21/slim">

  <leader>00937nam a22002537a 4500</leader>
  <controlfield tag="005">20180209121037.0</controlfield>
  <datafield tag="010" ind1=" " ind2=" ">
    <subfield code="a">1718EN-30  ENG-121283</subfield>
  </datafield>
  <datafield tag="020" ind1=" " ind2=" ">
    <subfield code="a">9789332575073</subfield>
    <subfield code="c">429.00</subfield>
  </datafield>
  <datafield tag="035" ind1=" " ind2=" ">
    <subfield code="a">EN-104815</subfield>
  </datafield>
  <datafield tag="035" ind1=" " ind2=" ">
    <subfield code="a">B-683913-929</subfield>
  </datafield>
  <datafield tag="037" ind1=" " ind2=" ">
    <subfield code="b">BSB</subfield>
    <subfield code="a">dpl</subfield>
  </datafield>
  <datafield tag="037" ind1=" " ind2=" ">
    <subfield code="b">DBAD/PUB</subfield>
  </datafield>
  <datafield tag="082" ind1=" " ind2=" ">
    <subfield code="a">006.312</subfield>
  </datafield>
  <datafield tag="100" ind1=" " ind2=" ">
    <subfield code="a">Erl, Thomas</subfield>
  </datafield>
  <datafield tag="245" ind1=" " ind2=" ">
    <subfield code="a">Big data fundamentals :</subfield>
    <subfield code="c">by Thomas Erl, Wajid Khattak [and] Paul Buhler </subfield>
    <subfield code="b">concepts, drivers &amp;  techniques /</subfield>
  </datafield>
  <datafield tag="260" ind1=" " ind2=" ">
    <subfield code="a">Noida </subfield>
    <subfield code="b">Pearson</subfield>
    <subfield code="c">2017</subfield>
  </datafield>
  <datafield tag="270" ind1=" " ind2=" ">
    <subfield code="a">15th Floor, Tower-B, World Trade Tower, Plot No.1, Block-C, Sector-16</subfield>
    <subfield code="b">Noida </subfield>
    <subfield code="e">201301</subfield>
  </datafield>
  <datafield tag="300" ind1="v" ind2=" ">
    <subfield code="a">xv,218p.</subfield>
    <subfield code="c">23cm(pbk)</subfield>
  </datafield>
  <datafield tag="500" ind1=" " ind2=" ">
    <subfield code="a">Includes index </subfield>
  </datafield>
  <datafield tag="700" ind1=" " ind2=" ">
    <subfield code="a">Khattak, Wajid</subfield>
  </datafield>
  <datafield tag="700" ind1=" " ind2=" ">
    <subfield code="a">Buhler, Paul</subfield>
  </datafield>
  <datafield tag="942" ind1=" " ind2=" ">
    <subfield code="2">ddc</subfield>
    <subfield code="c">EN</subfield>
    <subfield code="m">ERL</subfield>
    <subfield code="h">006.312</subfield>
  </datafield>
  <datafield tag="999" ind1=" " ind2=" ">
    <subfield code="c">145699</subfield>
    <subfield code="d">145699</subfield>
  </datafield>
  <datafield tag="952" ind1=" " ind2=" ">
    <subfield code="0">0</subfield>
    <subfield code="1">0</subfield>
    <subfield code="4">0</subfield>
    <subfield code="7">0</subfield>
    <subfield code="8">NFIC</subfield>
    <subfield code="a">ZLS</subfield>
    <subfield code="b">ZLS</subfield>
    <subfield code="d">2017-12-06</subfield>
    <subfield code="e">DBAD/PUB</subfield>
    <subfield code="g">369.00</subfield>
    <subfield code="l">2</subfield>
    <subfield code="m">1</subfield>
    <subfield code="o">006.312 ERL</subfield>
    <subfield code="p">EN-104815</subfield>
    <subfield code="r">2026-06-11 11:26:00</subfield>
    <subfield code="s">2026-05-27</subfield>
    <subfield code="t">1</subfield>
    <subfield code="v">369.00</subfield>
    <subfield code="y">EN</subfield>
  </datafield>
  <datafield tag="952" ind1=" " ind2=" ">
    <subfield code="0">0</subfield>
    <subfield code="1">0</subfield>
    <subfield code="4">0</subfield>
    <subfield code="7">0</subfield>
    <subfield code="8">NFIC</subfield>
    <subfield code="a">L</subfield>
    <subfield code="b">L</subfield>
    <subfield code="d">2018-02-09</subfield>
    <subfield code="e">BSB/299/1.12.2017/BPPB/EN/2017-18/641/20.11.17/14.12.2017</subfield>
    <subfield code="g">429.00</subfield>
    <subfield code="l">13</subfield>
    <subfield code="m">10</subfield>
    <subfield code="o">006.312 ERL</subfield>
    <subfield code="p">B-683913</subfield>
    <subfield code="r">2025-12-31 00:00:00</subfield>
    <subfield code="s">2025-12-19</subfield>
    <subfield code="t">1</subfield>
    <subfield code="v">429.00</subfield>
    <subfield code="y">EN</subfield>
  </datafield>
  <datafield tag="952" ind1=" " ind2=" ">
    <subfield code="0">0</subfield>
    <subfield code="1">0</subfield>
    <subfield code="4">0</subfield>
    <subfield code="7">0</subfield>
    <subfield code="8">NFIC</subfield>
    <subfield code="a">AV</subfield>
    <subfield code="b">AV</subfield>
    <subfield code="d">2018-02-09</subfield>
    <subfield code="e">BSB/299/1.12.2017/BPPB/EN/2017-18/641/20.11.17/14.12.2017</subfield>
    <subfield code="g">429.00</subfield>
    <subfield code="l">1</subfield>
    <subfield code="o">006.312 ERL</subfield>
    <subfield code="p">B-683914</subfield>
    <subfield code="q">2021-03-15</subfield>
    <subfield code="r">2021-03-01 00:00:00</subfield>
    <subfield code="s">2021-03-01</subfield>
    <subfield code="t">1</subfield>
    <subfield code="v">429.00</subfield>
    <subfield code="y">EN</subfield>
  </datafield>
  <datafield tag="952" ind1=" " ind2=" ">
    <subfield code="0">0</subfield>
    <subfield code="1">0</subfield>
    <subfield code="4">0</subfield>
    <subfield code="7">0</subfield>
    <subfield code="8">NFIC</subfield>
    <subfield code="a">BL1</subfield>
    <subfield code="b">BL1</subfield>
    <subfield code="d">2018-02-09</subfield>
    <subfield code="e">BSB/299/1.12.2017/BPPB/EN/2017-18/641/20.11.17/14.12.2017</subfield>
    <subfield code="g">429.00</subfield>
    <subfield code="l">5</subfield>
    <subfield code="m">6</subfield>
    <subfield code="o">006.312 ERL</subfield>
    <subfield code="p">B-683915</subfield>
    <subfield code="r">2023-07-03 00:00:00</subfield>
    <subfield code="s">2023-05-20</subfield>
    <subfield code="t">1</subfield>
    <subfield code="v">429.00</subfield>
    <subfield code="y">EN</subfield>
  </datafield>
  <datafield tag="952" ind1=" " ind2=" ">
    <subfield code="0">0</subfield>
    <subfield code="1">0</subfield>
    <subfield code="4">0</subfield>
    <subfield code="7">0</subfield>
    <subfield code="8">NFIC</subfield>
    <subfield code="a">KGM</subfield>
    <subfield code="b">KGM</subfield>
    <subfield code="d">2018-02-09</subfield>
    <subfield code="e">BSB/299/1.12.2017/BPPB/EN/2017-18/641/20.11.17/14.12.2017</subfield>
    <subfield code="g">429.00</subfield>
    <subfield code="l">2</subfield>
    <subfield code="m">1</subfield>
    <subfield code="o">006.312 ERL</subfield>
    <subfield code="p">B-683916</subfield>
    <subfield code="r">2019-09-30 00:00:00</subfield>
    <subfield code="s">2019-09-20</subfield>
    <subfield code="t">1</subfield>
    <subfield code="v">429.00</subfield>
    <subfield code="y">EN</subfield>
  </datafield>
  <datafield tag="952" ind1=" " ind2=" ">
    <subfield code="0">0</subfield>
    <subfield code="1">0</subfield>
    <subfield code="4">0</subfield>
    <subfield code="7">0</subfield>
    <subfield code="8">NFIC</subfield>
    <subfield code="a">PR</subfield>
    <subfield code="b">PR</subfield>
    <subfield code="d">2018-02-09</subfield>
    <subfield code="e">BSB/299/1.12.2017/BPPB/EN/2017-18/641/20.11.17/14.12.2017</subfield>
    <subfield code="g">429.00</subfield>
    <subfield code="l">0</subfield>
    <subfield code="o">006.312 ERL</subfield>
    <subfield code="p">B-683917</subfield>
    <subfield code="r">2018-02-09 00:00:00</subfield>
    <subfield code="t">1</subfield>
    <subfield code="v">429.00</subfield>
    <subfield code="y">EN</subfield>
  </datafield>
  <datafield tag="952" ind1=" " ind2=" ">
    <subfield code="0">0</subfield>
    <subfield code="1">0</subfield>
    <subfield code="4">0</subfield>
    <subfield code="7">0</subfield>
    <subfield code="8">NFIC</subfield>
    <subfield code="a">TN</subfield>
    <subfield code="b">TN</subfield>
    <subfield code="d">2018-02-09</subfield>
    <subfield code="e">BSB/299/1.12.2017/BPPB/EN/2017-18/641/20.11.17/14.12.2017</subfield>
    <subfield code="g">429.00</subfield>
    <subfield code="l">4</subfield>
    <subfield code="m">1</subfield>
    <subfield code="o">006.312 ERL</subfield>
    <subfield code="p">B-683918</subfield>
    <subfield code="r">2023-11-17 00:00:00</subfield>
    <subfield code="s">2023-11-04</subfield>
    <subfield code="t">1</subfield>
    <subfield code="v">429.00</subfield>
    <subfield code="y">EN</subfield>
  </datafield>
  <datafield tag="952" ind1=" " ind2=" ">
    <subfield code="0">0</subfield>
    <subfield code="1">0</subfield>
    <subfield code="4">0</subfield>
    <subfield code="7">0</subfield>
    <subfield code="8">NFIC</subfield>
    <subfield code="a">JP</subfield>
    <subfield code="b">JP</subfield>
    <subfield code="d">2018-02-09</subfield>
    <subfield code="e">BSB/299/1.12.2017/BPPB/EN/2017-18/641/20.11.17/14.12.2017</subfield>
    <subfield code="g">429.00</subfield>
    <subfield code="l">10</subfield>
    <subfield code="m">1</subfield>
    <subfield code="o">006.312 ERL</subfield>
    <subfield code="p">B-683919</subfield>
    <subfield code="r">2023-05-08 00:00:00</subfield>
    <subfield code="s">2023-04-15</subfield>
    <subfield code="t">1</subfield>
    <subfield code="v">429.00</subfield>
    <subfield code="y">EN</subfield>
  </datafield>
  <datafield tag="952" ind1=" " ind2=" ">
    <subfield code="0">0</subfield>
    <subfield code="1">0</subfield>
    <subfield code="4">0</subfield>
    <subfield code="7">0</subfield>
    <subfield code="8">NFIC</subfield>
    <subfield code="a">ZLS</subfield>
    <subfield code="b">ZLS</subfield>
    <subfield code="d">2018-02-09</subfield>
    <subfield code="e">BSB/299/1.12.2017/BPPB/EN/2017-18/641/20.11.17/14.12.2017</subfield>
    <subfield code="g">429.00</subfield>
    <subfield code="l">3</subfield>
    <subfield code="o">006.312 ERL</subfield>
    <subfield code="p">B-683920</subfield>
    <subfield code="r">2019-02-11 00:00:00</subfield>
    <subfield code="s">2019-01-28</subfield>
    <subfield code="t">1</subfield>
    <subfield code="v">429.00</subfield>
    <subfield code="y">EN</subfield>
  </datafield>
  <datafield tag="952" ind1=" " ind2=" ">
    <subfield code="0">0</subfield>
    <subfield code="1">0</subfield>
    <subfield code="4">0</subfield>
    <subfield code="7">0</subfield>
    <subfield code="8">NFIC</subfield>
    <subfield code="a">RKP</subfield>
    <subfield code="b">RKP</subfield>
    <subfield code="d">2018-02-09</subfield>
    <subfield code="e">BSB/299/1.12.2017/BPPB/EN/2017-18/641/20.11.17/14.12.2017</subfield>
    <subfield code="g">429.00</subfield>
    <subfield code="l">1</subfield>
    <subfield code="o">006.312 ERL</subfield>
    <subfield code="p">B-683921</subfield>
    <subfield code="r">2022-06-23 00:00:00</subfield>
    <subfield code="s">2022-06-09</subfield>
    <subfield code="t">1</subfield>
    <subfield code="v">429.00</subfield>
    <subfield code="y">EN</subfield>
  </datafield>
  <datafield tag="952" ind1=" " ind2=" ">
    <subfield code="0">0</subfield>
    <subfield code="1">0</subfield>
    <subfield code="4">0</subfield>
    <subfield code="7">0</subfield>
    <subfield code="8">NFIC</subfield>
    <subfield code="a">ZLS</subfield>
    <subfield code="b">ZLS</subfield>
    <subfield code="d">2018-02-09</subfield>
    <subfield code="e">BSB/299/1.12.2017/BPPB/EN/2017-18/641/20.11.17/14.12.2017</subfield>
    <subfield code="g">429.00</subfield>
    <subfield code="l">1</subfield>
    <subfield code="o">006.312 ERL</subfield>
    <subfield code="p">B-683922</subfield>
    <subfield code="r">2020-12-08 00:00:00</subfield>
    <subfield code="s">2020-12-02</subfield>
    <subfield code="t">1</subfield>
    <subfield code="v">429.00</subfield>
    <subfield code="y">EN</subfield>
  </datafield>
  <datafield tag="952" ind1=" " ind2=" ">
    <subfield code="0">0</subfield>
    <subfield code="1">0</subfield>
    <subfield code="4">0</subfield>
    <subfield code="7">0</subfield>
    <subfield code="8">NFIC</subfield>
    <subfield code="a">VP</subfield>
    <subfield code="b">VP</subfield>
    <subfield code="d">2018-02-09</subfield>
    <subfield code="e">BSB/299/1.12.2017/BPPB/EN/2017-18/641/20.11.17/14.12.2017</subfield>
    <subfield code="g">429.00</subfield>
    <subfield code="l">2</subfield>
    <subfield code="o">006.312 ERL</subfield>
    <subfield code="p">B-683923</subfield>
    <subfield code="r">2019-11-18 00:00:00</subfield>
    <subfield code="s">2019-11-04</subfield>
    <subfield code="t">1</subfield>
    <subfield code="v">429.00</subfield>
    <subfield code="y">EN</subfield>
  </datafield>
  <datafield tag="952" ind1=" " ind2=" ">
    <subfield code="0">0</subfield>
    <subfield code="1">0</subfield>
    <subfield code="4">0</subfield>
    <subfield code="7">0</subfield>
    <subfield code="8">NFIC</subfield>
    <subfield code="a">NRR</subfield>
    <subfield code="b">NRR</subfield>
    <subfield code="d">2018-02-09</subfield>
    <subfield code="e">BSB/299/1.12.2017/BPPB/EN/2017-18/641/20.11.17/14.12.2017</subfield>
    <subfield code="g">429.00</subfield>
    <subfield code="l">4</subfield>
    <subfield code="m">1</subfield>
    <subfield code="o">006.312 ERL</subfield>
    <subfield code="p">B-683924</subfield>
    <subfield code="r">2021-03-01 00:00:00</subfield>
    <subfield code="s">2021-03-01</subfield>
    <subfield code="t">1</subfield>
    <subfield code="v">429.00</subfield>
    <subfield code="y">EN</subfield>
  </datafield>
  <datafield tag="952" ind1=" " ind2=" ">
    <subfield code="0">0</subfield>
    <subfield code="1">0</subfield>
    <subfield code="4">0</subfield>
    <subfield code="7">0</subfield>
    <subfield code="8">NFIC</subfield>
    <subfield code="a">BKK</subfield>
    <subfield code="b">BKK</subfield>
    <subfield code="d">2018-02-09</subfield>
    <subfield code="e">BSB/299/1.12.2017/BPPB/EN/2017-18/641/20.11.17/14.12.2017</subfield>
    <subfield code="g">429.00</subfield>
    <subfield code="l">0</subfield>
    <subfield code="o">006.312 ERL</subfield>
    <subfield code="p">B-683925</subfield>
    <subfield code="r">2018-02-09 00:00:00</subfield>
    <subfield code="t">1</subfield>
    <subfield code="v">429.00</subfield>
    <subfield code="y">EN</subfield>
  </datafield>
  <datafield tag="952" ind1=" " ind2=" ">
    <subfield code="0">0</subfield>
    <subfield code="1">0</subfield>
    <subfield code="4">0</subfield>
    <subfield code="7">0</subfield>
    <subfield code="8">NFIC</subfield>
    <subfield code="a">NR</subfield>
    <subfield code="b">NR</subfield>
    <subfield code="d">2018-02-09</subfield>
    <subfield code="e">BSB/299/1.12.2017/BPPB/EN/2017-18/641/20.11.17/14.12.2017</subfield>
    <subfield code="g">429.00</subfield>
    <subfield code="l">0</subfield>
    <subfield code="o">006.312 ERL</subfield>
    <subfield code="p">B-683926</subfield>
    <subfield code="r">2018-02-09 00:00:00</subfield>
    <subfield code="t">1</subfield>
    <subfield code="v">429.00</subfield>
    <subfield code="y">EN</subfield>
  </datafield>
  <datafield tag="952" ind1=" " ind2=" ">
    <subfield code="0">0</subfield>
    <subfield code="1">0</subfield>
    <subfield code="4">0</subfield>
    <subfield code="7">0</subfield>
    <subfield code="8">NFIC</subfield>
    <subfield code="a">BN</subfield>
    <subfield code="b">BN</subfield>
    <subfield code="d">2018-02-09</subfield>
    <subfield code="e">BSB/299/1.12.2017/BPPB/EN/2017-18/641/20.11.17/14.12.2017</subfield>
    <subfield code="g">429.00</subfield>
    <subfield code="l">3</subfield>
    <subfield code="m">3</subfield>
    <subfield code="o">006.312 ERL</subfield>
    <subfield code="p">B-683927</subfield>
    <subfield code="r">2022-05-18 00:00:00</subfield>
    <subfield code="s">2022-04-19</subfield>
    <subfield code="t">1</subfield>
    <subfield code="v">429.00</subfield>
    <subfield code="y">EN</subfield>
  </datafield>
  <datafield tag="952" ind1=" " ind2=" ">
    <subfield code="0">0</subfield>
    <subfield code="1">0</subfield>
    <subfield code="4">0</subfield>
    <subfield code="7">0</subfield>
    <subfield code="8">NFIC</subfield>
    <subfield code="a">BL4</subfield>
    <subfield code="b">BL4</subfield>
    <subfield code="d">2018-02-09</subfield>
    <subfield code="e">BSB/299/1.12.2017/BPPB/EN/2017-18/641/20.11.17/14.12.2017</subfield>
    <subfield code="g">429.00</subfield>
    <subfield code="l">4</subfield>
    <subfield code="o">006.312 ERL</subfield>
    <subfield code="p">B-683928</subfield>
    <subfield code="r">2021-07-24 00:00:00</subfield>
    <subfield code="s">2021-04-13</subfield>
    <subfield code="t">1</subfield>
    <subfield code="v">429.00</subfield>
    <subfield code="y">EN</subfield>
  </datafield>
  <datafield tag="952" ind1=" " ind2=" ">
    <subfield code="0">0</subfield>
    <subfield code="1">0</subfield>
    <subfield code="4">0</subfield>
    <subfield code="7">0</subfield>
    <subfield code="8">NFIC</subfield>
    <subfield code="a">VV</subfield>
    <subfield code="b">VV</subfield>
    <subfield code="d">2018-02-09</subfield>
    <subfield code="e">BSB/299/1.12.2017/BPPB/EN/2017-18/641/20.11.17/14.12.2017</subfield>
    <subfield code="g">429.00</subfield>
    <subfield code="l">0</subfield>
    <subfield code="o">006.312 ERL</subfield>
    <subfield code="p">B-683929</subfield>
    <subfield code="r">2018-02-09 00:00:00</subfield>
    <subfield code="t">1</subfield>
    <subfield code="v">429.00</subfield>
    <subfield code="y">EN</subfield>
  </datafield>
</record>
